[Event "Asia zt 3.2 (Women)"]
[Site "Dhaka"]
[Date "2019.03.16"]
[Round "2"]
[White "Premanath, Dinushki"]
[Black "Ahmed, Walijah"]
[Result "1/2-1/2"]
[WhiteElo "1863"]
[BlackElo "1691"]
[PlyCount "164"]
[EventDate "2019.03.15"]
[EventType "swiss"]
[EventRounds "9"]
[EventCountry "BAN"]
[SourceTitle "CBM 189 Extra"]
[Source "ChessBase"]
[SourceDate "2019.06.03"]
[SourceVersion "1"]
[SourceVersionDate "2019.06.03"]
[SourceQuality "1"]

1. e4 c5 2. Nf3 e6 3. d4 cxd4 4. Nxd4 a6 5. Bd3 Nf6 6. 0-0 Qc7 7. Nc3 b5 8. a3 Bb7 9. Qe2 Nc6 10. Be3 Be7 11. f4 Nxd4 12. Bxd4 Bc5 13. Bxc5 Qxc5+ 14. Kh1 d5 15. e5 Nd7 16. Qg4 0-0 17. Rae1 b4 18. axb4 Qxb4 19. Re3 g6 20. Nd1 Rfe8 21. Nf2 Bc6 22. Rh3 Kg7 23. Qg5 Rh8 24. Ng4 Bb5 25. c3 Qc5 26. b4 Qf8 27. Qh6+ Kg8 28. Qg5 Kg7 29. Rd1 Bxd3 30. Rhxd3 h6 31. Qh4 Qd8 32. Qf2 Nb6 33. Ne3 Qc7 34. Ra1 Nc4 35. Nc2 Rhc8 36. Nd4 Qb6 37. Rg3 Kh7 38. Rh3 Qd8 39. Re1 Na3 40. Qe2 Qd7 41. Qd2 Nc4 42. Qc1 Rg8 43. Nf3 Kg7 44. f5 h5 45. fxg6 fxg6 46. Qg5 Qd8 47. Qg3 Kh6 48. Qf4+ g5 49. Qf7 Rg6 50. g4 h4 51. Nd4 Qg8 52. Rf3 Nd2 53. Rf6 Qxf7 54. Rxf7 Ne4 55. Re7 Nf2+ 56. Kg2 Nd3 57. Re3 Nf4+ 58. Kg1 Rg7 59. Rxg7 Kxg7 60. Re1 Rc8 61. Re3 Kf7 62. Nf3 Rxc3 63. Nxg5+ Ke7 64. Rxc3 Ne2+ 65. Kf1 Nxc3 66. Nf3 Na2 67. b5 axb5 68. Nxh4 b4 69. Ke1 b3 70. Kd2 Nb4 71. Kc3 b2 72. Kxb2 Nd3+ 73. Kc3 Nxe5 74. g5 Nc6 75. Ng6+ Kf7 76. Nf4 Ne5 77. h4 Nf3 78. g6+ Kf6 79. h5 Nh4 80. Kd3 Nxg6 81. Nxg6 Kg5 82. Nf4 e5 1/2-1/2

[Event "Asia zt 3.2 (Women)"]
[Site "Dhaka"]
[Date "2019.03.15"]
[Round "1"]
[White "Rumana, Ferdous"]
[Black "Premanath, Dinushki"]
[Result "0-1"]
[WhiteElo "1540"]
[BlackElo "1863"]
[PlyCount "94"]
[EventDate "2019.03.15"]
[EventType "swiss"]
[EventRounds "9"]
[EventCountry "BAN"]
[SourceTitle "CBM 189 Extra"]
[Source "ChessBase"]
[SourceDate "2019.06.03"]
[SourceVersion "1"]
[SourceVersionDate "2019.06.03"]
[SourceQuality "1"]

1. e4 c5 2. Nf3 e6 3. d4 cxd4 4. Nxd4 a6 5. c4 Qc7 6. Be2 Nf6 7. Qd3 Nc6 8. Nxc6 bxc6 9. 0-0 Be7 10. Nc3 Bb7 11. f4 d5 12. e5 Nd7 13. Qg3 0-0 14. a3 f6 15. Qg4 Bc5+ 16. Kh1 Rae8 17. exf6 Nxf6 18. Qg5 Bd6 19. b4 c5 20. b5 d4 21. bxa6 Bxa6 22. Nb5 Bxb5 23. cxb5 c4 24. Bf3 e5 25. Bc6 Re7 26. fxe5 Rxe5 27. Qd2 Rh5 28. h3 Bc5 29. Qe2 d3 30. Qe6+ Qf7 31. Rxf6 gxf6 32. Qg4+ Kh8 33. Bf3 Re5 34. Bb2 Re7 35. Qf5 Bd6 36. Bd5 Qg6 37. Qf3 Re2 38. Bd4 Be5 39. Bxe5 Rxe5 40. Bxc4 d2 41. Qf2 Qc2 42. Qf1 Re1 43. Rxe1 dxe1Q 44. Qxe1 Qxc4 45. Qe7 Qf1+ 46. Kh2 Qf4+ 47. Kh1 Rc8 0-1

[Event "SRI-ch (Women)"]
[Site "Colombo"]
[Date "2018.05.07"]
[Round "7"]
[White "Abeysinghe, HMH Janandani"]
[Black "Premanath, Dinushki"]
[Result "0-1"]
[WhiteElo "1650"]
[BlackElo "1771"]
[PlyCount "130"]
[EventDate "2018.05.04"]
[EventType "tourn"]
[EventRounds "13"]
[EventCountry "SRI"]
[SourceTitle "CBM 184 Extra"]
[Source "ChessBase"]
[SourceDate "2018.06.28"]
[SourceVersion "1"]
[SourceVersionDate "2018.06.28"]
[SourceQuality "1"]

1. e4 c5 2. c3 d6 3. d4 Nf6 4. Bd3 Nc6 5. Nf3 Bg4 6. Nbd2 cxd4 7. cxd4 Nxd4 8. Qa4+ Nc6 9. 0-0 g6 10. h3 Bd7 11. Qb3 Na5 12. Qd1 Bg7 13. e5 dxe5 14. Nxe5 0-0 15. Ndf3 Nc6 16. Nxd7 Qxd7 17. Qe2 e6 18. Rd1 Qe7 19. Bg5 Rfd8 20. Bb5 Rac8 21. Rac1 Rxd1+ 22. Qxd1 h6 23. Bh4 g5 24. Bg3 Ne4 25. Be5 Rd8 26. Qe2 Nxe5 27. Nxe5 Nd6 28. Bd3 Qf6 29. Ng4 Qxb2 30. Nxh6+ Kf8 31. Qxb2 Bxb2 32. Rb1 Bd4 33. Ng4 Rc8 34. Rd1 Ke7 35. Bb1 Bg7 36. Nh2 Nb5 37. Be4 Nc3 38. Re1 b6 39. a3 Rc4 40. Bc2 Nb5 41. Bd3 Rc5 42. Bxb5 Rxb5 43. Nf3 Bf6 44. Re3 Bb2 45. Ne1 Ra5 46. Nc2 Rc5 47. Ne1 Rc1 48. Kh2 Bd4 49. Re2 Rc3 50. Nf3 Bf6 51. Re3 Rxe3 52. fxe3 Kd6 53. Kg3 Be7 54. Nd2 b5 55. Kf3 Kd5 56. e4+ Kd4 57. Nb3+ Kc3 58. Na5 Bxa3 59. Nc6 b4 60. Nxa7 b3 61. Nb5+ Kb4 62. Nd4 b2 63. Nc2+ Kb3 64. Nd4+ Ka2 65. Ne2 Bb4 0-1

[Event "Negombo op 3rd"]
[Site "Negambo"]
[Date "2017.08.21"]
[Round "4"]
[White "Jayanka, LPPR"]
[Black "Premanath, Dinushki"]
[Result "1/2-1/2"]
[WhiteElo "1426"]
[BlackElo "1861"]
[PlyCount "68"]
[EventDate "2017.08.20"]
[EventType "swiss"]
[EventRounds "10"]
[EventCountry "SRI"]
[SourceTitle "CBM 180 Extra"]
[Source "ChessBase"]
[SourceDate "2017.10.06"]
[SourceVersion "1"]
[SourceVersionDate "2017.10.06"]
[SourceQuality "1"]

1. Nf3 c5 2. g3 Nc6 3. Bg2 Nf6 4. c4 e6 5. d3 Be7 6. 0-0 0-0 7. Nbd2 d6 8. a3 a6 9. Rb1 d5 10. b3 Qc7 11. Bb2 b6 12. Qc2 Bb7 13. Rfc1 Rac8 14. e3 Rfd8 15. d4 Qd7 16. Rd1 cxd4 17. exd4 h6 18. Rbc1 dxc4 19. bxc4 Qc7 20. Qb1 Qb8 21. Qa1 Na5 22. Qb1 Qa8 23. Ne1 Bxg2 24. Nxg2 Qb7 25. Ne3 Rd7 26. d5 exd5 27. Bxf6 Bxf6 28. Nxd5 Bd4 29. Nf3 Bc5 30. Ne5 Rdd8 31. a4 Nc6 32. Nxc6 Qxc6 33. Qb3 Re8 34. Re1 Rf8 1/2-1/2